Countries of the World - Serbian - English - Statistics

General Stats
  • This quiz has been taken 117 times
  • The average score is 135 of 195
Answer Stats
English % Correct
Albania
100%
Austria
96%
Belgium
96%
Bosnia and Herzegovina
94%
Bulgaria
93%
Andorra
91%
Finland
91%
France
91%
Greece
91%
Denmark
90%
Belarus
88%
Italy
88%
Croatia
87%
Estonia
87%
Iceland
85%
Poland
85%
Portugal
85%
Romania
85%
Russia
85%
Serbia
85%
Slovenia
85%
Spain
85%
Ukraine
85%
Ireland
84%
Macedonia
84%
Malta
84%
Monaco
84%
Montenegro
84%
Netherlands
84%
San Marino
84%
Slovakia
84%
United Kingdom
84%
Vatican City
84%
Moldova
82%
Sweden
81%
Norway
79%
Indonesia
78%
Israel
78%
Japan
78%
Bangladesh
76%
Germany
76%
Hungary
76%
India
76%
Iran
76%
Iraq
76%
Latvia
76%
Luxembourg
76%
Mongolia
76%
Oman
76%
Pakistan
76%
South Korea
76%
Brunei
75%
Jordan
75%
Laos
75%
Lithuania
75%
Nepal
75%
Saudi Arabia
75%
Turkey
75%
Vietnam
75%
Czech Republic
74%
Egypt
74%
El Salvador
74%
North Korea
74%
Qatar
74%
Switzerland
74%
Angola
72%
Australia
72%
Bolivia
72%
Canada
72%
Chad
72%
Chile
72%
China
72%
Cuba
72%
Grenada
72%
Haiti
72%
Mali
72%
Nigeria
72%
Panama
72%
South Sudan
72%
Sudan
72%
United Arab Emirates
72%
Argentina
71%
Brazil
71%
Ghana
71%
Honduras
71%
Jamaica
71%
Madagascar
71%
Mexico
71%
Niger
71%
Peru
71%
Somalia
71%
Togo
71%
Benin
69%
Burundi
69%
Costa Rica
69%
East Timor
69%
Gabon
69%
Gambia
69%
Liechtenstein
69%
New Zealand
69%
South Africa
69%
Thailand
69%
United States
69%
Vanuatu
69%
Yemen
69%
Afghanistan
68%
Barbados
68%
Belize
68%
Liberia
68%
Maldives
68%
Palau
68%
Senegal
68%
Sri Lanka
68%
Syria
68%
Tonga
68%
Tuvalu
68%
Uganda
68%
Venezuela
68%
Zambia
68%
Bhutan
66%
Cambodia
66%
Cameroon
66%
Dominica
66%
Guatemala
66%
Nauru
66%
Paraguay
66%
Samoa
66%
Algeria
65%
Dominican Republic
65%
Myanmar
65%
Philippines
65%
Republic of the Congo
65%
Uruguay
65%
Bahamas
63%
Colombia
63%
Morocco
63%
Saint Lucia
63%
Taiwan
63%
Trinidad and Tobago
63%
Turkmenistan
63%
Azerbaijan
62%
Burkina Faso
62%
Cyprus
62%
Democratic Republic of the Congo
62%
Kenya
62%
Papua New Guinea
62%
Singapore
62%
Uzbekistan
62%
Zimbabwe
62%
Bahrain
60%
Botswana
60%
Central African Republic
60%
Ecuador
60%
Ethiopia
60%
Kazakhstan
60%
Kuwait
60%
Namibia
60%
Tanzania
60%
Tunisia
60%
Armenia
59%
Libya
59%
Mozambique
59%
Nicaragua
59%
Solomon Islands
59%
Suriname
59%
Antigua and Barbuda
57%
Eritrea
57%
Fiji
57%
Sao Tome and Principe
57%
Tajikistan
57%
Guinea
56%
Sierra Leone
56%
Kiribati
54%
Lesotho
54%
Mauritania
54%
Georgia
53%
Guinea Bissau
53%
Malawi
53%
Malaysia
53%
Marshall Islands
53%
Rwanda
53%
Djibouti
51%
Federated States of Microneisa
51%
Guyana
51%
Mauritius
51%
Cote d'Ivoire
50%
Lebanon
50%
Saint Vincent and the Grenadines
50%
Swaziland
49%
Comoros
47%
Kyrgyzstan
47%
Saint Kitts and Nevis
47%
Equatorial Guinea
46%
Seychelles
46%
Cape Verde
34%
No matching quizzes found
Score Distribution
Percent of People with Each Score
Percentile by Number Answered
Your Score History
You have not taken this quiz